Una estructura económica internacional explosiva
Según este artículo de ALAI, el Banco Munidial clasifica los países del mundo según su producto nacional bruto (PNB) y según el ingreso per cápita (IPC). Los divide en cinco grandes grupos: 1°. tiene un PNB per cápita superior a los cinco mil dólares anuales 2°. con un PNB per cápita de dos mil a ci...
محفوظ في:
| التنسيق: | نص |
|---|---|
| الموضوعات: | |
| الوسوم: |
إضافة وسم
لا توجد وسوم, كن أول من يضع وسما على هذه التسجيلة!
|
MARC
| LEADER | 00000 a a2200000 04500 | ||
|---|---|---|---|
| 001 | 427 | ||
| 003 | |||
| 040 | |||
| 245 | |a Una estructura económica internacional explosiva | ||
| 520 | |a Según este artículo de ALAI, el Banco Munidial clasifica los países del mundo según su producto nacional bruto (PNB) y según el ingreso per cápita (IPC). Los divide en cinco grandes grupos: 1°. tiene un PNB per cápita superior a los cinco mil dólares anuales 2°. con un PNB per cápita de dos mil a cinco mil dólares anuales 3°. tiene un PNB per cápita de quinientos hasta mil novecientos noventa y nueve dólares anuales 4°. con un PNB per cápita de doscientos a cuatrocientos noventa y nueve dólares anuales y, 5°. con un PNB per cápita inferior a los doscientos dólares anuales. LOB/mb | ||
| 650 | |a PRODUCTO INTERNO BRUTO | ||
| 650 | |a INGRESO PER CAPITA | ||
| 650 | |a POBLACION | ||
| 650 | |a RIQUEZA | ||
| 650 | |a POBREZA | ||
| 650 | |a CONDICIONES ECONOMICAS | ||
| 650 | |a PRODUCTO INTERNO BRUTO | ||
| 650 | |a POBLACION | ||
| 773 | |g número 41; páginas 473-473 | ||
| 999 | |c 31261 |d 31261 | ||
| 773 | 0 | |0 42391 |9 3851 |a Agencia Latinoamericana de Información, ALAI |d Quito, Ecuador: ALAI |o 04403 |t ALAI: |x 08275564 (Servicio mensual de información y documentación) | |
